UBT Library

Introduction to general, organic, and biochemistry / (Record no. 42363)

000 -LEADER
fixed length control field 00810cam a2200265 a 4500
001 - CONTROL NUMBER
control field 16884492
005 - DATE AND TIME OF LATEST TRANSACTION
control field 20180213042058.0
008 - FIXED-LENGTH DATA ELEMENTS--GENERAL INFORMATION
fixed length control field 110722s2013 caua 001 0 eng
010 ## - LIBRARY OF CONGRESS CONTROL NUMBER
LC control number 2011934948
020 ## - INTERNATIONAL STANDARD BOOK NUMBER
International Standard Book Number 9781133109822
020 ## - INTERNATIONAL STANDARD BOOK NUMBER
International Standard Book Number 1133109829
040 ## - CATALOGING SOURCE
Original cataloging agency DLC
Transcribing agency DLC
Modifying agency DLC
041 ## - LANGUAGE CODE
Language code of text/sound track or separate title eng
042 ## - AUTHENTICATION CODE
Authentication code pcc
080 ## - UNIVERSAL DECIMAL CLASSIFICATION NUMBER
Universal Decimal Classification number 540 kim
082 00 - DEWEY DECIMAL CLASSIFICATION NUMBER
Classification number 540 kim
Edition number 23
100 ## - Rafti
Rafti 12
101 ## - Shkurtesa
Shkurtesa kim
245 00 - TITLE STATEMENT
Title Introduction to general, organic, and biochemistry /
Statement of responsibility, etc Frederick A. Bettelheim ... [et al.].
246 30 - VARYING FORM OF TITLE
Title proper/short title General, organic, and biochemistry
906 ## - LOCAL DATA ELEMENT F, LDF (RLIN)
a 7
b cbc
c origcop
d 3
e ncip
f 20
g y-gencatlg
942 ## - ADDED ENTRY ELEMENTS (KOHA)
Source of classification or shelving scheme
Item type Books
Holdings
Withdrawn status Lost status Source of classification or shelving scheme Damaged status Not for loan Collection code Permanent location Current location Shelving location Date acquired Total Checkouts Full call number Barcode Date last seen Price effective from Koha item type
          Koleksioni i përgjithshem UBT - Lipjan UBT - Lipjan Koleksioni i përgjithshem 02/13/2018   540 kim 002-2997424 02/13/2018 02/13/2018 Books
          Koleksioni i përgjithshem UBT - Lipjan UBT - Lipjan Koleksioni i përgjithshem 02/13/2018   540 kim 002-2997419 02/13/2018 02/13/2018 Books
          Koleksioni i përgjithshem UBT - Lipjan UBT - Lipjan Koleksioni i përgjithshem 02/13/2018   540 kim 002-2997414 02/13/2018 02/13/2018 Books
          Koleksioni i përgjithshem UBT - Lipjan UBT - Lipjan Koleksioni i përgjithshem 02/13/2018   540 kim 002-2997409 02/13/2018 02/13/2018 Books
          Koleksioni i përgjithshem UBT - Lipjan UBT - Lipjan Koleksioni i përgjithshem 02/13/2018   540 kim 002-2997404 02/13/2018 02/13/2018 Books
          Koleksioni i përgjithshem UBT - Lipjan UBT - Lipjan Koleksioni i përgjithshem 02/13/2018   540 kim 002-2997399 02/13/2018 02/13/2018 Books
UBT Library © 2015-2024. All rights reserved University Education for Business and Technology